[Event "ROM-ch"]
[Site "Eforie Nord"]
[Date "2024.03.01"]
[Round "8"]
[White "Vilcu, Matei Stefan"]
[Black "Cosma, Ioan"]
[Result "0-1"]
[WhiteElo "2176"]
[BlackElo "2316"]
[PlyCount "126"]
[EventDate "2024.02.24"]
[EventType "swiss"]
[EventRounds "9"]
[EventCountry "ROU"]
[SourceTitle "CB10_2024"]
[SourceDate "2024.03.06"]
[SourceVersion "1"]
[SourceVersionDate "2024.03.06"]
[SourceQuality "1"]

1. e4 e6 2. d4 d5 3. Nc3 Nf6 4. Bg5 dxe4 5. Nxe4 Be7 6. Bxf6 gxf6 7. Nc3 a6 8. g3 Nc6 9. Nge2 e5 10. dxe5 Qxd1+ 11. Rxd1 Nxe5 12. Bg2 c6 13. 0-0 Bd7 14. Nd4 0-0-0 15. Be4 Bc5 16. Nce2 Nc4 17. b3 Nd6 18. Bg2 Nf5 19. c3 Kc7 20. Nf4 Bc8 21. Nf3 Nd6 22. Rfe1 Nb5 23. Ne2 Rxd1 24. Rxd1 Re8 25. Re1 a5 26. a4 Nxc3 27. Nxc3 Rxe1+ 28. Nxe1 Bb4 29. Nd5+ cxd5 30. Nd3 Kd6 31. Kf1 b6 32. Ke2 Ba6 33. Ke3 Bc5+ 34. Kd2 h6 35. Bf3 f5 36. Bh5 Ke7 37. Bf3 Kd6 38. Bh5 f6 39. Bf3 Bc8 40. Nf4 Bxf2 41. Ke2 Bg1 42. Bxd5 Ba6+ 43. Kf3 Kc5 44. Be6 Bd4 45. Bxf5 Be5 46. Ke3 Bxf4+ 47. gxf4 Bb7 48. Be6 Kb4 49. Kd3 Bf3 50. Kd2 Be4 51. Bc4 b5 52. Bxb5 Kxb3 53. Ke3 Bb7 54. Kd3 Kb4 55. Kd4 Bf3 56. Be8 Bd1 57. Bd7 Bxa4 58. Bxa4 Kxa4 59. Kc4 f5 60. h3 h5 61. h4 Ka3 62. Kc3 a4 63. Kc2 Kb4 0-1

[Event "Arad op 16th"]
[Site "Arad"]
[Date "2023.08.11"]
[Round "7"]
[White "Prraneeth, Vuppala"]
[Black "Vilcu, Matei Stefan"]
[Result "1-0"]
[WhiteElo "2485"]
[BlackElo "2237"]
[PlyCount "55"]
[EventDate "2023.08.07"]
[EventType "swiss"]
[EventRounds "9"]
[EventCountry "ROU"]
[SourceTitle "EXT 2024"]
[Source "ChessBase"]
[SourceDate "2023.10.10"]
[SourceVersion "1"]
[SourceVersionDate "2023.10.10"]
[SourceQuality "1"]

1. e4 c5 2. Nf3 d6 3. d4 cxd4 4. Nxd4 Nf6 5. Nc3 a6 6. Be3 e5 7. Nb3 Be6 8. Be2 Be7 9. Nd5 Nxd5 10. exd5 Bf5 11. a4 Bg5 12. Bxg5 Qxg5 13. 0-0 Qg6 14. Rc1 0-0 15. Kh1 Nd7 16. g4 Be4+ 17. f3 Qxg4 18. Rg1 Qh4 19. fxe4 Qxe4+ 20. Bf3 Qxa4 21. Rg4 Qb5 22. Qd2 Qb6 23. Qh6 g6 24. Rh4 Nf6 25. Rf1 Qb5 26. Nd2 Rfc8 27. c4 Qd7 28. Ne4 1-0

[Event "Arad op 16th"]
[Site "Arad"]
[Date "2023.08.10"]
[Round "6"]
[White "Vilcu, Matei Stefan"]
[Black "Dhulipalla, Bala Chandra Prasad"]
[Result "0-1"]
[WhiteElo "2237"]
[BlackElo "2410"]
[PlyCount "76"]
[EventDate "2023.08.07"]
[EventType "swiss"]
[EventRounds "9"]
[EventCountry "ROU"]
[SourceTitle "EXT 2024"]
[Source "ChessBase"]
[SourceDate "2023.10.10"]
[SourceVersion "1"]
[SourceVersionDate "2023.10.10"]
[SourceQuality "1"]

1. e4 e5 2. Nf3 Nc6 3. Bb5 a6 4. Ba4 Nf6 5. 0-0 Be7 6. Re1 b5 7. Bb3 d6 8. c3 0-0 9. h3 Nb8 10. d4 Nbd7 11. Nbd2 Bb7 12. Bc2 Re8 13. Nf1 Bf8 14. Ng3 a5 15. a4 b4 16. c4 exd4 17. Nxd4 Nc5 18. f3 g6 19. Bg5 h6 20. Be3 Nfd7 21. Qd2 Kh7 22. h4 Qxh4 23. Ndf5 gxf5 24. Nxf5 Qf6 25. Nxd6 Ne5 26. Nxe8 Rxe8 27. f4 Rd8 28. Qe2 Ned3 29. e5 Qg6 30. Kf1 b3 31. Bb1 Kg8 32. Rd1 Be4 33. Ra3 Nxf4 34. Bxe4 Rxd1+ 35. Qxd1 Nxe4 36. Bxf4 Bxa3 37. bxa3 b2 38. Kg1 Nc3 0-1

[Event "EU-chT U18"]
[Site "Iasi"]
[Date "2023.07.24"]
[Round "1.2"]
[White "Vilcu, Matei Stefan"]
[Black "Colbow, Collin"]
[Result "0-1"]
[WhiteElo "2226"]
[BlackElo "2429"]
[PlyCount "102"]
[EventDate "2023.07.24"]
[EventType "team-swiss"]
[EventRounds "7"]
[EventCountry "ROU"]
[SourceTitle "CBM 215 Extra"]
[Source "ChessBase"]
[SourceDate "2023.09.30"]
[SourceVersion "1"]
[SourceVersionDate "2023.09.30"]
[SourceQuality "1"]
[WhiteTeam "Romania Friends U18"]
[BlackTeam "Germany U18"]
[WhiteTeamCountry "ROU"]
[BlackTeamCountry "GER"]

1. e4 c5 2. Nf3 e6 3. d4 cxd4 4. Nxd4 a6 5. Nc3 b5 6. Bd3 Qb6 7. Nf3 Qc7 8. 0-0 Bb7 9. Re1 Bc5 10. Qe2 Nc6 11. Be3 Bxe3 12. Qxe3 Nge7 13. a4 b4 14. Nd5 Nxd5 15. exd5 Ne7 16. dxe6 dxe6 17. Ne5 0-0 18. Qh3 f5 19. Bc4 Nd5 20. Qb3 a5 21. Rad1 Rac8 22. Rd4 Kh8 23. Re2 g5 24. Bb5 Nf4 25. Rxf4 gxf4 26. Qxe6 Qg7 27. f3 Rf6 28. Qb3 Rd8 29. Bd3 Bd5 30. c4 Re6 31. cxd5 Rxe5 32. Rc2 Qa7+ 33. Kf1 Qe3 34. Re2 Qc1+ 35. Kf2 Qc5+ 36. Kf1 Qc1+ 37. Kf2 Qc5+ 38. Kf1 Rdxd5 39. Qc2 Qxc2 40. Bxc2 Rxe2 41. Kxe2 Kg7 42. g3 fxg3 43. hxg3 Kh6 44. g4 f4 45. Be4 Rd7 46. b3 Kg5 47. Kf2 h6 48. Bf5 Rd2+ 49. Ke1 Rb2 50. Be6 Kf6 51. Bc4 Ke5 0-1

[Event "Brasov GP RO"]
[Site "Brasov"]
[Date "2023.07.20"]
[Round "7"]
[White "Tzidkiya, Yeshaayahu"]
[Black "Vilcu, Matei Stefan"]
[Result "1-0"]
[WhiteElo "2437"]
[BlackElo "2226"]
[PlyCount "101"]
[EventDate "2023.07.16"]
[EventType "swiss"]
[EventRounds "9"]
[EventCountry "ROU"]
[SourceTitle "CBM 215 Extra"]
[Source "ChessBase"]
[SourceDate "2023.09.30"]
[SourceVersion "1"]
[SourceVersionDate "2023.09.30"]
[SourceQuality "1"]

1. e4 c5 2. Nf3 d6 3. d4 cxd4 4. Nxd4 Nf6 5. Nc3 a6 6. Bg5 e6 7. f4 Be7 8. Qf3 Qc7 9. 0-0-0 Nbd7 10. g4 h6 11. Bxf6 Bxf6 12. h4 Nb6 13. g5 Bxd4 14. Rxd4 Qc5 15. Rd2 Bd7 16. g6 fxg6 17. Qg3 0-0-0 18. Qxg6 Qe3 19. Qg1 Qxg1 20. Rxg1 Rhf8 21. f5 exf5 22. Rxd6 Bc6 23. Rdg6 fxe4 24. Bxa6 Rf6 25. Be2 Rf2 26. Re1 Kb8 27. Rxg7 Rh2 28. h5 Na4 29. Nxa4 Bxa4 30. b3 Be8 31. Rh7 Bxh5 32. Bxh5 Rxh5 33. Rxe4 Rd6 34. Rb4 b6 35. Re4 Rc6 36. Re8+ Rc8 37. Ree7 Rc6 38. Kb2 Rh2 39. Re8+ Rc8 40. Rxc8+ Kxc8 41. b4 Rh3 42. c3 Kb8 43. Kb3 b5 44. Rf7 Rh5 45. a4 bxa4+ 46. Kxa4 Re5 47. Rh7 h5 48. c4 Rf5 49. c5 Rg5 50. Kb5 Rf5 51. Kb6 1-0

[Event "Brasov GP RO"]
[Site "Brasov"]
[Date "2023.07.19"]
[Round "5"]
[White "Melinte, Rares Andrei"]
[Black "Vilcu, Matei Stefan"]
[Result "1/2-1/2"]
[WhiteElo "1999"]
[BlackElo "2226"]
[PlyCount "63"]
[EventDate "2023.07.16"]
[EventType "swiss"]
[EventRounds "9"]
[EventCountry "ROU"]
[SourceTitle "CBM 215 Extra"]
[Source "ChessBase"]
[SourceDate "2023.09.30"]
[SourceVersion "1"]
[SourceVersionDate "2023.09.30"]
[SourceQuality "1"]

1. d4 d5 2. c4 c6 3. Nf3 Nf6 4. Nc3 dxc4 5. a4 Bf5 6. Ne5 Nbd7 7. Nxc4 Qc7 8. g3 e5 9. dxe5 Nxe5 10. Bf4 Nfd7 11. Bg2 g5 12. Bxe5 Nxe5 13. Qd4 f6 14. Rd1 Rd8 15. Qxd8+ Qxd8 16. Rxd8+ Kxd8 17. Nxe5 fxe5 18. h4 g4 19. Be4 Be6 20. Bc2 Bb4 21. 0-0 Ke7 22. Rb1 h6 23. Nd1 Bd2 24. b3 Rd8 25. Nb2 Bc3 26. Nc4 b6 27. Be4 Bd5 28. Bg2 Bxc4 29. bxc4 Rd4 30. Bxc6 Rxc4 31. Bb5 Rc7 32. Ra1 1/2-1/2

[Event "ROM-ch"]
[Site "Sebes"]
[Date "2023.02.21"]
[Round "4"]
[White "Vilcu, Matei Stefan"]
[Black "Craciun, Sasha Matei"]
[Result "1-0"]
[WhiteElo "2214"]
[BlackElo "2001"]
[PlyCount "93"]
[EventDate "2023.02.19"]
[EventType "swiss"]
[EventRounds "9"]
[EventCountry "ROU"]
[SourceTitle "CBM 212 Extra"]
[Source "ChessBase"]
[SourceDate "2023.03.31"]
[SourceVersion "1"]
[SourceVersionDate "2023.03.31"]
[SourceQuality "1"]

1. e4 c5 2. Nf3 d6 3. d4 cxd4 4. Nxd4 Nf6 5. Nc3 a6 6. a4 e5 7. Nf3 Be6 8. Ng5 Qc7 9. Nxe6 fxe6 10. Be3 Be7 11. Be2 0-0 12. 0-0 Nbd7 13. f3 Rfd8 14. a5 Qc6 15. Bd3 d5 16. Na4 Nc5 17. Nb6 Rab8 18. exd5 exd5 19. Bf5 Ne6 20. Kh1 Nf8 21. Qe2 Bd6 22. Rad1 Bc7 23. Bg5 Bxb6 24. axb6 Re8 25. Qf2 d4 26. f4 Qxb6 27. fxe5 Rxe5 28. Qxd4 Qxd4 29. Rxd4 Rbe8 30. Bh4 Nd5 31. Bd3 Ne6 32. Re4 Rxe4 33. Bxe4 Ndc7 34. Rd1 Nc5 35. Bf3 b5 36. b4 Na4 37. Rd7 Ne6 38. Rd6 Nc3 39. Rc6 Na4 40. Bd5 Kf7 41. Rxa6 Nc3 42. Bb3 h6 43. Bf2 g5 44. Bd4 Ne4 45. Rb6 g4 46. Rxb5 Kf8 47. Rf5+ 1-0

[Event "Wch U18"]
[Site "Mamaia"]
[Date "2022.09.07"]
[Round "2"]
[White "Makridis, Dimitrios"]
[Black "Vilcu, Matei Stefan"]
[Result "1/2-1/2"]
[WhiteElo "2382"]
[BlackElo "2221"]
[PlyCount "77"]
[EventDate "2022.09.06"]
[EventType "swiss"]
[EventRounds "11"]
[EventCountry "ROU"]
[SourceTitle "CBM 210 Extra"]
[Source "ChessBase"]
[SourceDate "2022.11.30"]
[SourceVersion "1"]
[SourceVersionDate "2022.11.30"]
[SourceQuality "1"]

1. e4 c5 2. Nf3 d6 3. d4 cxd4 4. Nxd4 Nf6 5. Nc3 a6 6. h3 e5 7. Nde2 h5 8. Bg5 Be6 9. f4 Nbd7 10. f5 Bc4 11. Ng3 Rc8 12. Bxc4 Rxc4 13. Qd3 b5 14. b3 Rc8 15. 0-0 h4 16. Nge2 Be7 17. a3 Qb6+ 18. Kh1 Qb7 19. Qf3 Rh5 20. Bxf6 Nxf6 21. Nd5 Nxd5 22. Qxh5 Ne3 23. Rf3 Qxe4 24. Ng1 d5 25. Qh8+ Bf8 26. f6 g6 27. Rxe3 Qxe3 28. Qxh4 Qe4 29. Qg3 Qf4 30. Qxf4 exf4 31. a4 bxa4 32. Rxa4 Rxc2 33. Rxa6 Kd7 34. Nf3 Rc1+ 35. Kh2 Bd6 36. h4 Rb1 37. Ra7+ Ke6 38. Ra6 Kd7 39. Ra7+ 1/2-1/2

[Event "Miercurea Ciuc GP RO Stage 3"]
[Site "Miercurea Ciuc"]
[Date "2022.08.21"]
[Round "2"]
[White "Filip, Lucian Ioan"]
[Black "Vilcu, Matei Stefan"]
[Result "1-0"]
[WhiteElo "2377"]
[BlackElo "2170"]
[PlyCount "47"]
[EventDate "2022.08.20"]
[EventType "swiss"]
[EventRounds "9"]
[EventCountry "ROU"]
[SourceTitle "CBM 209 Extra"]
[Source "ChessBase"]
[SourceDate "2022.09.30"]
[SourceVersion "1"]
[SourceVersionDate "2022.09.30"]
[SourceQuality "1"]

1. d4 d5 2. c4 c6 3. cxd5 cxd5 4. Bf4 Nc6 5. e3 Nf6 6. Nc3 Bf5 7. Nf3 e6 8. Qb3 Bb4 9. Ne5 Qa5 10. Nxc6 bxc6 11. a3 Bxc3+ 12. Qxc3 Qb6 13. Qb4 Bc2 14. Be2 Nd7 15. Kd2 Bb3 16. Rhc1 Qxb4+ 17. axb4 Nb6 18. Rxc6 0-0 19. Ba6 Rad8 20. Bd6 Rfe8 21. Bc7 Rd7 22. Bxb6 axb6 23. Bb5 Bc4 24. Rxc4 1-0

[Event "Miercurea Ciuc GP RO Stage 3"]
[Site "Miercurea Ciuc"]
[Date "2022.08.20"]
[Round "1"]
[White "Vilcu, Matei Stefan"]
[Black "David, Alexandru Vasile"]
[Result "1/2-1/2"]
[WhiteElo "2170"]
[BlackElo "2429"]
[PlyCount "87"]
[EventDate "2022.08.20"]
[EventType "swiss"]
[EventRounds "9"]
[EventCountry "ROU"]
[SourceTitle "CBM 209 Extra"]
[Source "ChessBase"]
[SourceDate "2022.09.30"]
[SourceVersion "1"]
[SourceVersionDate "2022.09.30"]
[SourceQuality "1"]

1. e4 c6 2. d4 d5 3. e5 Bf5 4. Nf3 e6 5. Be2 c5 6. Be3 Qb6 7. Nc3 Nc6 8. dxc5 Bxc5 9. Bxc5 Qxc5 10. Nb5 Kf8 11. Nbd4 Nge7 12. 0-0 Bg4 13. Re1 Nxd4 14. Nxd4 Bxe2 15. Rxe2 Kg8 16. Rc1 a6 17. Qd3 Rc8 18. c3 h5 19. h4 Rh6 20. Re3 Ng6 21. g3 Nf8 22. Rce1 Qc4 23. Qb1 b5 24. Nf3 Ng6 25. Rd1 Ne7 26. Nd4 Qc7 27. Qd3 Qc4 28. Qb1 Rg6 29. b3 Qc5 30. Qa1 Rg4 31. b4 Qb6 32. a4 bxa4 33. Qxa4 Nc6 34. Nxc6 Rxc6 35. Ra1 Re4 36. Rxe4 dxe4 37. c4 e3 38. c5 exf2+ 39. Kxf2 Qb7 40. Rd1 Rc8 41. Qa5 Qe4 42. Rd8+ Kh7 43. Rxc8 Qc2+ 44. Ke1 1/2-1/2

[Event "Poiana Brasov op"]
[Site "Poiana Brasov"]
[Date "2022.07.25"]
[Round "2"]
[White "Vilcu, Matei Stefan"]
[Black "Botea, David Alexandru"]
[Result "1-0"]
[WhiteElo "2163"]
[BlackElo "2005"]
[PlyCount "133"]
[EventDate "2022.07.24"]
[EventType "swiss"]
[EventRounds "9"]
[EventCountry "ROU"]
[SourceTitle "EXT 2023"]
[Source "ChessBase"]
[SourceDate "2022.10.05"]
[SourceVersion "1"]
[SourceVersionDate "2022.10.05"]
[SourceQuality "1"]

1. e4 c5 2. Nf3 Nc6 3. d4 cxd4 4. Nxd4 Nf6 5. Nc3 e5 6. Ndb5 d6 7. Bg5 a6 8. Na3 b5 9. Bxf6 gxf6 10. Nd5 f5 11. g3 fxe4 12. Bg2 Bf5 13. c3 Bg7 14. Nc2 0-0 15. g4 Be6 16. Nce3 Qh4 17. Qe2 Bxd5 18. Nxd5 f5 19. a4 Na5 20. Nc7 Ra7 21. Ne6 Rf6 22. gxf5 Rxf5 23. 0-0 Rf6 24. Qxe4 Qxe4 25. Bxe4 Nb3 26. axb5 Nxa1 27. b6 Re7 28. b7 Rxb7 29. Bxb7 Nb3 30. Bd5 Nd2 31. Rd1 Bh6 32. Ng5+ Kg7 33. h4 Bxg5 34. hxg5 Nf3+ 35. Bxf3 Rxf3 36. Rxd6 Rf5 37. Rxa6 Rxg5+ 38. Kh2 Rg4 39. Rc6 h5 40. b3 Rh4+ 41. Kg2 Rg4+ 42. Kh3 Rf4 43. Kg2 Rg4+ 44. Kf3 Rf4+ 45. Ke3 h4 46. Ra6 h3 47. Ra1 h2 48. Rh1 Rh4 49. f3 Kf6 50. Kf2 e4 51. Kg3 Rh8 52. Rxh2 Rd8 53. fxe4 Ke5 54. Rh5+ Kxe4 55. Rc5 Rg8+ 56. Kf2 Rh8 57. b4 Rh2+ 58. Kg3 Rb2 59. b5 Rb1 60. c4 Rg1+ 61. Kh4 Rg8 62. b6 Rb8 63. Rc6 Kf4 64. Kh5 Ke5 65. Kg6 Rb7 66. c5 Kd5 67. Rc7 1-0

[Event "Poiana Brasov op"]
[Site "Poiana Brasov"]
[Date "2022.07.24"]
[Round "1"]
[White "Stanciu, Andreea Briana"]
[Black "Vilcu, Matei Stefan"]
[Result "0-1"]
[WhiteElo "1879"]
[BlackElo "2163"]
[PlyCount "54"]
[EventDate "2022.07.24"]
[EventType "swiss"]
[EventRounds "9"]
[EventCountry "ROU"]
[SourceTitle "EXT 2023"]
[Source "ChessBase"]
[SourceDate "2022.10.05"]
[SourceVersion "1"]
[SourceVersionDate "2022.10.05"]
[SourceQuality "1"]

1. f4 d5 2. Nf3 Bg4 3. e3 Nd7 4. b3 e5 5. fxe5 Nxe5 6. Be2 Bxf3 7. Bxf3 Nf6 8. Bb2 Bd6 9. Nc3 c6 10. Qe2 Qe7 11. a4 a5 12. e4 d4 13. Nd1 c5 14. Qb5+ Nfd7 15. Nf2 0-0 16. 0-0-0 Rfc8 17. Kb1 c4 18. Bxd4 Bc5 19. Bxe5 Bxf2 20. Bb2 Ra6 21. Bg4 cxb3 22. Qxb3 Rb6 23. Qa2 Bd4 24. Bxd7 Rxb2+ 25. Qxb2 Bxb2 26. Bxc8 Qa3 27. c3 Qb3 0-1

[Event "Targu Mures op-A"]
[Site "Targu Mures"]
[Date "2022.06.10"]
[Round "8"]
[White "Saioc, David"]
[Black "Vilcu, Matei Stefan"]
[Result "1/2-1/2"]
[WhiteElo "1897"]
[BlackElo "2184"]
[PlyCount "130"]
[EventDate "2022.06.04"]
[EventType "swiss"]
[EventRounds "9"]
[EventCountry "ROU"]
[SourceTitle "CBM 208 Extra"]
[Source "ChessBase"]
[SourceDate "2022.07.31"]
[SourceVersion "1"]
[SourceVersionDate "2022.07.31"]
[SourceQuality "1"]

1. Nf3 d5 2. d4 Nf6 3. c4 c6 4. e3 Bf5 5. cxd5 cxd5 6. Qb3 Qc8 7. Bd2 e6 8. Bb5+ Nbd7 9. 0-0 Bc2 10. Bxd7+ Nxd7 11. Qb5 a6 12. Qe2 Bg6 13. Rc1 Qd8 14. Qe1 Bd6 15. Bb4 Qe7 16. Bxd6 Qxd6 17. a4 0-0 18. a5 Rac8 19. Nc3 Bh5 20. Ng5 e5 21. Qd2 Qg6 22. h4 h6 23. Nxd5 Rxc1+ 24. Rxc1 Kh8 25. Ne7 Qf6 26. Nd5 Qd6 27. dxe5 Nxe5 28. Ne4 Qd8 29. Nf4 Qxh4 30. Ng3 Bg4 31. Qd5 Nc6 32. Qb3 Qe7 33. Qa4 Qd7 34. Ne4 Rd8 35. Nc5 Qd2 36. Qc2 Qxc2 37. Rxc2 Nxa5 38. b4 Nc6 39. Nxa6 Rd1+ 40. Kh2 g5 41. Nh3 Rb1 42. Nc5 Nxb4 43. Rc4 Be2 44. Rd4 Na6 45. Ne4 Kg7 46. Ng1 Bh5 47. Nd6 Rb2 48. g4 Bg6 49. Kg3 Nc5 50. f4 gxf4+ 51. exf4 Rb3+ 52. Nf3 Ne6 53. Rd2 h5 54. f5 Ng5 55. Rf2 hxg4 56. Kxg4 Nxf3 57. fxg6 Ne5+ 58. Kf5 Nxg6 59. Kg5 Rg3+ 60. Kh5 Rh3+ 61. Kg4 Rd3 62. Rxf7+ Kg8 63. Rf6 Kg7 64. Ne8+ Kg8 65. Rxg6+ Kf7 1/2-1/2

[Event "Bucharest Super Rapid op"]
[Site "Bucharest"]
[Date "2022.05.01"]
[Round "8"]
[White "Vilcu, Matei Stefan"]
[Black "Vedmediuc, Artiom"]
[Result "1-0"]
[WhiteElo "2124"]
[BlackElo "1919"]
[PlyCount "95"]
[EventDate "2022.04.30"]
[EventType "swiss (rapid)"]
[EventRounds "10"]
[EventCountry "ROU"]
[SourceTitle "CBM 208 Extra"]
[Source "ChessBase"]
[SourceDate "2022.07.31"]
[SourceVersion "1"]
[SourceVersionDate "2022.07.31"]
[SourceQuality "1"]

1. e4 c5 2. Nf3 e6 3. d4 cxd4 4. Nxd4 Nc6 5. Nc3 Qc7 6. f4 a6 7. Nxc6 Qxc6 8. Bd3 Nf6 9. Qe2 Bc5 10. Bd2 0-0 11. 0-0-0 b5 12. e5 Nd5 13. Ne4 Bb7 14. Qg4 Be7 15. f5 exf5 16. Qxf5 g6 17. Qh3 Rac8 18. Kb1 Qe6 19. Qg3 Rfe8 20. Rhe1 Nb6 21. Bg5 Bxg5 22. Nxg5 Qe7 23. Qh4 h5 24. g4 Qb4 25. Qf2 Bd5 26. Qxb6 Qxg4 27. Rg1 Bg2 28. Ne4 Rc6 29. Qxc6 Qxd1+ 30. Rxd1 dxc6 31. Nf6+ Kf8 32. Nxe8 Kxe8 33. c4 Ke7 34. cxb5 cxb5 35. Bc2 Ke6 36. Bb3+ Kxe5 37. Bxf7 Be4+ 38. Kc1 Kf4 39. Rd4 Ke3 40. Rxe4+ Kxe4 41. Bxg6+ Kf3 42. Bxh5+ Kg2 43. Be8 Kxh2 44. b4 Kg3 45. Bc6 Kf4 46. Bb7 a5 47. bxa5 Ke5 48. a6 1-0

[Event "ROM-ch U18"]
[Site "Eforie Nord"]
[Date "2022.04.15"]
[Round "6"]
[White "Vilcu, Matei Stefan"]
[Black "Ognean, Mihnea Ionut"]
[Result "0-1"]
[WhiteElo "2124"]
[BlackElo "2239"]
[PlyCount "58"]
[EventDate "2022.04.11"]
[EventType "swiss"]
[EventRounds "9"]
[EventCountry "ROU"]
[SourceTitle "EXT 2023"]
[Source "ChessBase"]
[SourceDate "2022.10.05"]
[SourceVersion "1"]
[SourceVersionDate "2022.10.05"]
[SourceQuality "1"]

1. e4 c6 2. d4 d5 3. e5 Bf5 4. h4 h6 5. g4 Be4 6. f3 Bh7 7. e6 Qd6 8. exf7+ Kxf7 9. Bd3 e5 10. Ne2 Nd7 11. Bxh7 Rxh7 12. Nbc3 Re8 13. Kf1 Ngf6 14. Kg2 g6 15. Be3 exd4 16. Bxd4 Ne5 17. Qd2 h5 18. g5 Nfd7 19. b3 Kg8 20. Ng3 Rf7 21. Rhf1 Bg7 22. Rae1 Rfe7 23. Nce2 c5 24. Bg1 d4 25. Bh2 Qc6 26. Ng1 Ng4 27. Rxe7 Rxe7 28. Re1 Ne3+ 29. Kf2 Ne5 0-1

[Event "ROM-ch blitz"]
[Site "Bucharest"]
[Date "2022.03.13"]
[Round "9"]
[White "Vilcu, Matei Stefan"]
[Black "Dragomirescu, Robin Alexandru"]
[Result "0-1"]
[WhiteElo "1833"]
[BlackElo "2414"]
[PlyCount "118"]
[EventDate "2022.03.13"]
[EventType "swiss (blitz)"]
[EventRounds "9"]
[EventCountry "ROU"]
[SourceTitle "EXT 2023"]
[Source "ChessBase"]
[SourceDate "2022.10.05"]
[SourceVersion "1"]
[SourceVersionDate "2022.10.05"]
[SourceQuality "1"]

1. e4 Nc6 2. Nf3 f5 3. exf5 d5 4. d4 Bxf5 5. Bb5 Qd6 6. Ne5 Bd7 7. Nxd7 Qxd7 8. Nc3 e6 9. 0-0 Bd6 10. Qh5+ Qf7 11. Qh3 Nge7 12. Re1 0-0 13. Be3 Nf5 14. Bxc6 bxc6 15. Na4 Qg6 16. c3 a5 17. Bd2 Rae8 18. f4 Nh6 19. Nc5 Ng4 20. Nd3 Qf5 21. Qg3 Nf6 22. Nf2 c5 23. dxc5 Bxc5 24. Be3 Bd6 25. Qf3 c5 26. g3 h5 27. Rad1 Rb8 28. Rd2 a4 29. Red1 Rfd8 30. Qe2 e5 31. fxe5 Qxe5 32. Bf4 Qxe2 33. Rxe2 Bxf4 34. gxf4 Re8 35. Rde1 Rxe2 36. Rxe2 Kf7 37. Nd3 Ne4 38. Ne5+ Ke6 39. Kg2 Kf5 40. Kf3 a3 41. bxa3 g5 42. Nd3 g4+ 43. Kg2 Ra8 44. Rb2 Rxa3 45. Rb8 Rxa2+ 46. Kg1 c4 47. Rf8+ Ke6 48. Ne5 Nxc3 49. Re8+ Kf5 50. Rf8+ Ke4 51. Nc6 Ne2+ 52. Kf1 Nxf4 53. Re8+ Kd3 54. Ne5+ Kc3 55. Rf8 Ra1+ 56. Kf2 Nd3+ 57. Nxd3 Kxd3 58. Rf5 d4 59. Rxh5 c3 0-1

[Event "ROM-ch Rapid"]
[Site "Bucharest"]
[Date "2022.03.12"]
[Round "7"]
[White "Vilcu, Matei Stefan"]
[Black "Filip, Lucian Ioan"]
[Result "1/2-1/2"]
[WhiteElo "2112"]
[BlackElo "2391"]
[PlyCount "58"]
[EventDate "2022.03.11"]
[EventType "swiss (rapid)"]
[EventRounds "9"]
[EventCountry "ROU"]
[SourceTitle "CBM 207 Extra"]
[Source "ChessBase"]
[SourceDate "2022.05.31"]
[SourceVersion "1"]
[SourceVersionDate "2022.05.31"]
[SourceQuality "1"]

1. e4 c5 2. Nf3 Nc6 3. d4 cxd4 4. Nxd4 Qb6 5. Nb3 Nf6 6. Nc3 e6 7. Be3 Qc7 8. g3 a6 9. Bg2 d6 10. 0-0 Be7 11. a4 b6 12. f4 Bb7 13. h3 0-0 14. g4 d5 15. exd5 Rad8 16. g5 Nxd5 17. Nxd5 exd5 18. f5 d4 19. Bf4 Bd6 20. Qd2 d3 21. Bxd6 Rxd6 22. cxd3 Rfd8 23. Qf4 Qd7 24. Be4 Nd4 25. Nxd4 Rxd4 26. Qf3 Bxe4 27. dxe4 Rxa4 28. Rxa4 Qxa4 29. Qe3 Qb5 1/2-1/2

[Event "ROM-ch Rapid"]
[Site "Bucharest"]
[Date "2022.03.12"]
[Round "5"]
[White "Vilcu, Matei Stefan"]
[Black "Jianu, Vlad Cristian"]
[Result "0-1"]
[WhiteElo "2112"]
[BlackElo "2527"]
[PlyCount "96"]
[EventDate "2022.03.11"]
[EventType "swiss (rapid)"]
[EventRounds "9"]
[EventCountry "ROU"]
[SourceTitle "CBM 207 Extra"]
[Source "ChessBase"]
[SourceDate "2022.05.31"]
[SourceVersion "1"]
[SourceVersionDate "2022.05.31"]
[SourceQuality "1"]

1. e4 e6 2. d4 d5 3. Nc3 Nf6 4. Bg5 dxe4 5. Nxe4 Nbd7 6. Nf3 h6 7. Bxf6 Nxf6 8. Bd3 Be7 9. Qe2 Nd5 10. Qd2 Nb4 11. Bb5+ Bd7 12. Bxd7+ Qxd7 13. c3 Qd5 14. Qe2 Nc6 15. 0-0 0-0 16. Rfe1 Rad8 17. Ned2 Bf6 18. Nc4 Qh5 19. Nce5 Bxe5 20. Nxe5 Qxe2 21. Rxe2 Ne7 22. g3 Rd5 23. f4 Rfd8 24. Nf3 g5 25. fxg5 hxg5 26. Rf1 Kg7 27. Ne5 Rf8 28. Ref2 f6 29. Nd3 b6 30. h4 c5 31. hxg5 Rxg5 32. Nf4 Kf7 33. Ne2 Rg6 34. Kg2 Nf5 35. Rxf5 exf5 36. Rxf5 Re8 37. Kf2 Rh6 38. Kf3 Rh2 39. Nf4 cxd4 40. cxd4 Rxb2 41. Nh5 Re6 42. d5 Rd6 43. g4 Ke7 44. Nf4 Rxa2 45. Rh5 Rd7 46. Ke4 Rf2 47. Rh7+ Kd6 48. Rh6 Re7+ 0-1

[Event "ROM-ch"]
[Site "Eforie Nord"]
[Date "2022.02.22"]
[Round "3"]
[White "Vilcu, Matei Stefan"]
[Black "Negrean, Andrei"]
[Result "1/2-1/2"]
[WhiteElo "2112"]
[BlackElo "1941"]
[PlyCount "89"]
[EventDate "2022.02.20"]
[EventType "swiss"]
[EventRounds "9"]
[EventCountry "ROU"]
[SourceTitle "CBM 207 Extra"]
[Source "ChessBase"]
[SourceDate "2022.05.31"]
[SourceVersion "1"]
[SourceVersionDate "2022.05.31"]
[SourceQuality "1"]

1. e4 e6 2. d4 d5 3. Nc3 Nf6 4. Bg5 Be7 5. e5 Nfd7 6. h4 h6 7. Bxe7 Qxe7 8. f4 a6 9. Nf3 c5 10. Qd2 Nc6 11. g4 b5 12. Ne2 Bb7 13. f5 cxd4 14. Nexd4 Ncxe5 15. Nxe5 Nxe5 16. 0-0-0 0-0-0 17. fxe6 fxe6 18. Qe2 Qf6 19. Bg2 Nc4 20. Qxe6+ Qxe6 21. Nxe6 Rde8 22. Rhe1 g6 23. b3 Nb6 24. Nc5 Rhf8 25. Rxe8+ Rxe8 26. Kd2 b4 27. Rf1 Nd7 28. Nxb7 Kxb7 29. Bxd5+ Kb6 30. Re1 Rxe1 31. Kxe1 Kc5 32. Be6 Ne5 33. Ke2 Kd4 34. Bc8 a5 35. Be6 g5 36. hxg5 hxg5 37. Bf5 Nc6 38. Kd2 Ne7 39. Be6 Nc6 40. Bf5 Ne5 41. Bc8 Nf3+ 42. Ke2 Ne5 43. Kd2 Nf3+ 44. Ke2 Ne5 45. Kd2 1/2-1/2

[Event "ROM-ch"]
[Site "Eforie Nord"]
[Date "2022.02.20"]
[Round "1"]
[White "Vilcu, Matei Stefan"]
[Black "Gavrilescu, David"]
[Result "1/2-1/2"]
[WhiteElo "2112"]
[BlackElo "2512"]
[PlyCount "124"]
[EventDate "2022.02.20"]
[EventType "swiss"]
[EventRounds "9"]
[EventCountry "ROU"]
[SourceTitle "CBM 207 Extra"]
[Source "ChessBase"]
[SourceDate "2022.05.31"]
[SourceVersion "1"]
[SourceVersionDate "2022.05.31"]
[SourceQuality "1"]

1. e4 c6 2. d4 d5 3. e5 c5 4. c4 cxd4 5. Nf3 Nc6 6. Nxd4 e6 7. Nc3 Bc5 8. Nxc6 bxc6 9. cxd5 cxd5 10. Qg4 Ne7 11. Bd3 Ng6 12. 0-0 Bd7 13. Kh1 Rb8 14. f4 0-0 15. Rb1 f5 16. exf6 Rxf6 17. Qe2 Ne7 18. Bd2 Nf5 19. Qe1 Bc6 20. a3 Rg6 21. Rf3 a5 22. Nd1 a4 23. Rc1 Qd6 24. Qe5 d4 25. Qxd6 Nxd6 26. Bxg6 Bxf3 27. gxf3 hxg6 28. Rxc5 Rb3 29. Bb4 Rxf3 30. Kg2 Rxf4 31. Rc6 Nf5 32. Rxe6 Kf7 33. Re2 Rg4+ 34. Kf3 Rh4 35. Rd2 Ke6 36. Kg2 Rg4+ 37. Kf3 Rh4 38. Kg2 Rg4+ 39. Kf2 Rh4 40. Kg1 Kd5 41. Nc3+ Kc4 42. Nxa4 Ne3 43. Nc5 Rg4+ 44. Kf2 Rg2+ 45. Kf3 Rxd2 46. b3+ Kd5 47. Bxd2 Nf1 48. Bb4 Nxh2+ 49. Kf4 g5+ 50. Kxg5 Nf3+ 51. Kf4 Ne5 52. a4 g5+ 53. Kxg5 d3 54. Kf5 Nc6 55. Nxd3 Kd4 56. a5 Kxd3 57. Be1 Kd4 58. Ke6 Kc5 59. Kd7 Kb5 60. b4 Nxa5 61. bxa5 Ka6 62. Kc7 Ka7 1/2-1/2